Vida y leyendas tehuelches : leyendas mitológicas /

Guardado en:
Autor Principal: Echeverría Baleta, Mario.
Formato: Libro
Idioma:Spanish
Publicado: Punta Arenas : Atelí, 1998.
Edición:2. ed.
Materias:
Etiquetas: Agregar Etiqueta
Sin Etiquetas, Sea el primero en etiquetar este registro!
LEADER 00657nam a22002175a 4500
001 EUN.um067849
003 AR-BaUNS
005 20050623122931.0
008 041125s1998####cl#a##########000#0#spa#d
245 1 0 |a Vida y leyendas tehuelches :  |b leyendas mitológicas /  |c Mario Echeverría Baleta. 
260 |a Punta Arenas :  |b Atelí,  |c 1998. 
300 |a 153 p. :  |b ilus. ;  |c 21,5 cm. 
020 |a 9504383343 
100 1 |a Echeverría Baleta, Mario. 
082 0 4 |a 980.42 
250 |a 2. ed. 
653 |a Americanos autoctonos 
653 |a America del sur 
653 |a Tehuelches 
653 |a Mitologia 
859 |a Ar-BaUNS  |b BIB. CENTRAL - Sector A  |h 980.42  |i Ec43  |p 110773/000